header

Introductory computer mathematics / (Record no. 265981)

MARC details
000 -LEADER
fixed length control field 01210cam a22003494a 4500
001 - CONTROL NUMBER
control field 2630712
003 - CONTROL NUMBER IDENTIFIER
control field OSt
005 - DATE AND TIME OF LATEST TRANSACTION
control field 20260227090306.0
008 - FIXED-LENGTH DATA ELEMENTS--GENERAL INFORMATION
fixed length control field 990331s2000 njua 001 0 eng
010 ## - LIBRARY OF CONGRESS CONTROL NUMBER
LC control number 99028231
020 ## - INTERNATIONAL STANDARD BOOK NUMBER
International Standard Book Number 0130131512
International Standard Book Number 9780130131515
035 ## - SYSTEM CONTROL NUMBER
System control number 2630712
040 ## - CATALOGING SOURCE
Original cataloging agency DLC
Transcribing agency DLC
Modifying agency DLC
042 ## - AUTHENTICATION CODE
Authentication code pcc
050 00 - LIBRARY OF CONGRESS CALL NUMBER
Classification number QA39.2
Item number .C6626 2000
082 00 - DEWEY DECIMAL CLASSIFICATION NUMBER
Classification number 004/.01/51
Edition number 21
100 1# - MAIN ENTRY--PERSONAL NAME
Personal name Cook, Nigel P.,
Dates associated with a name 1961-
245 10 - TITLE STATEMENT
Title Introductory computer mathematics /
Statement of responsibility, etc Nigel P. Cook.
260 ## - PUBLICATION, DISTRIBUTION, ETC. (IMPRINT)
Place of publication, distribution, etc Upper Saddle River, N.J. :
Name of publisher, distributor, etc Prentice Hall,
Date of publication, distribution, etc c2000.
300 ## - PHYSICAL DESCRIPTION
Extent xxi, 373 p. :
Other physical details ill. (some col.) ;
Dimensions 26 cm.
336 ## - CONTENT TYPE
Content type term text
Content type code txt
Source rdacontent
337 ## - MEDIA TYPE
Media type term unmediated
Media type code n
Source rdamedia
338 ## - CARRIER TYPE
Carrier type term volume
Carrier type code nc
Source rdacarrier
500 ## - GENERAL NOTE
General note Includes index.
650 #0 - SUBJECT ADDED ENTRY--TOPICAL TERM
Topical term or geographic name as entry element Mathematics.
Topical term or geographic name as entry element Computer science
General subdivision Mathematics.
906 ## - LOCAL DATA ELEMENT F, LDF (RLIN)
a 7
b cbc
c orignew
d 1
e ocip
f 19
g y-gencatlg
942 ## - ADDED ENTRY ELEMENTS (KOHA)
Source of classification or shelving scheme Library of Congress Classification
Koha item type Long Loan Books
Holdings
Withdrawn status Lost status Source of classification or shelving scheme Damaged status Not for loan Collection code Home library Current library Shelving location Date acquired Source of acquisition Total Checkouts Full call number Barcode Date last seen Price effective from Koha item type
    Library of Congress Classification     Non-fiction Rongo University Library Rongo University Library General Stacks 27/02/2026 Books for Africa, Donation   QA39.2 .C6626 2000 20261512 27/02/2026 27/02/2026 Long Loan Books

© 2026 Rongo University
Contact us: librarian | system librarian | Rongo university